• 首页
  • 本馆介绍
  • 公告通知
  • 最新文献
  • 馆藏检索
  • 电子资源
  • 读者导购
  • 参考咨询
  • 我的图书馆
  • 登录
  • 详细信息显示
  • 放入我的书架
  • 预约/预借图书
  • 作者相关作品
  • 分类相关作品
  • 丛书相关作品
  • 出版社相关作品

书目信息

  • 表格格式
  • 工作单格式
  • 卡片格式
题名:
新东方名师2010考研英语高分综合辅导
    
 
作者: 宋平明 主编
分册:  
出版信息: 北京   中国宇航出版社  2009
页数: 450页
开本: 26cm
丛书名:
单 册:
中图分类: H31
科图分类:
主题词: 英语--研究生--入学考试--升学参考资料 , 英语
电子资源:
ISBN: 978-7-80218-528-9
000 00887nam0 2200253 45
005 20100303155139.17
010    @a978-7-80218-528-9@dCNY45.80
100    @a20100120d2009 ekmy0chiy0120 ea
101 0  @achi@aeng
102    @aCN@b110000
105    @ay z 000yy
106    @ar
200 1  @a新东方名师2010考研英语高分综合辅导@AXin Dong Fang Ming Shi 2010 Kao Yan Ying Yu Gao Fen Zong He Fu Dao@f宋平明主编@FSong Ping Ming Zhu Bian
210    @a北京@c中国宇航出版社@d2009
215    @a450页@d26cm@e附光盘1片
300    @a新东方名师
307    @a附光盘:ISBN 978-7-89455-004-0
330    @a本书内容包括:考研英语必备语法知识、英语知识运用、阅读理解、应用文写作、短文写作等。
606 0  @a英语@x研究生@x入学考试@j升学参考资料
606 0  @a英语
690    @aH31@v4
701  0 @a宋平明@ASong Ping Ming@4主编
801  0 @aCN@bTANGWEI@c20100303
905    @b0583680-82@dH31@e1478@f3
    
    新东方名师2010考研英语高分综合辅导/宋平明主编.-北京:中国宇航出版社,2009
    450页;26cm+附光盘1片
    新东方名师
    
    ISBN 978-7-80218-528-9:CNY45.80
    本书内容包括:考研英语必备语法知识、英语知识运用、阅读理解、应用文写作、短文写作等。
●
相关链接 在E读中查询图书 在五车中查询图书 在当当中查询图书 在豆瓣中查询图书


正题名:新东方名师2010考研英语高分综合辅导     索取号:H31/1478         预约/预借

序号 登录号 条形码 馆藏地/架位号 状态 备注
1 0583680   205836808   第二样本阅览室/ [索取号:H31/1478] 在馆    
2 0583681   205836817   第四借阅区/ [索取号:H31/1478] 在馆    
3 0583682   205836826   第四借阅区/ [索取号:H31/1478] 在馆    
唐山师范学院图书馆 欢迎您!
大连网信软件有限公司© 版权所有